[Event "Frankfurt-chA"]
[Site "Frankfurt"]
[Date "2019.06.17"]
[Round "7"]
[White "Weiland, Thomas"]
[Black "Stoll, Ulrich"]
[Result "1/2-1/2"]
[WhiteElo "1751"]
[BlackElo "1646"]
[PlyCount "76"]
[EventDate "2019.04.29"]
[EventType "swiss"]
[EventRounds "7"]
[EventCountry "GER"]
[SourceTitle "EXT 2020"]
[Source "ChessBase"]
[SourceDate "2019.10.17"]
[SourceVersion "1"]
[SourceVersionDate "2019.10.17"]
[SourceQuality "1"]

1. g3 d5 2. Bg2 Nf6 3. Nf3 e6 4. 0-0 Nc6 5. c3 Be7 6. d4 0-0 7. Nbd2 b6 8. Re1 Bb7 9. Qc2 Rc8 10. a3 a5 11. b4 Re8 12. Bb2 Bf8 13. Bh3 Rb8 14. Bg2 Ne4 15. Bc1 f5 16. Nxe4 fxe4 17. Ne5 axb4 18. axb4 Nxe5 19. dxe5 c5 20. bxc5 Bxc5 21. Bb2 Rf8 22. e3 Qe7 23. c4 Rfc8 24. Rec1 Bb4 25. Qe2 Ra8 26. cxd5 Rxc1+ 27. Rxc1 exd5 28. Bd4 Bc5 29. Qb2 Ba3 30. Qxb6 Bxc1 31. Bc5 Ra6 32. Qb5 Qf7 33. Bh3 h6 34. e6 Rxe6 35. Bxe6 Qxe6 36. Qxb7 Bd2 37. Bd4 Qf7 38. Qxf7+ Kxf7 1/2-1/2

[Event "Frankfurt-chA"]
[Site "Frankfurt"]
[Date "2019.06.03"]
[Round "6"]
[White "Stoll, Ulrich"]
[Black "Varma, Christopher"]
[Result "0-1"]
[WhiteElo "1646"]
[BlackElo "1779"]
[PlyCount "92"]
[EventDate "2019.04.29"]
[EventType "swiss"]
[EventRounds "7"]
[EventCountry "GER"]
[SourceTitle "EXT 2020"]
[Source "ChessBase"]
[SourceDate "2019.10.17"]
[SourceVersion "1"]
[SourceVersionDate "2019.10.17"]
[SourceQuality "1"]

1. e4 e6 2. d3 c5 3. Nf3 b6 4. g3 Bb7 5. Bg2 d6 6. 0-0 Nf6 7. Nbd2 Be7 8. Nc4 0-0 9. e5 Ne8 10. exd6 Nxd6 11. Nxd6 Bxd6 12. Re1 Qc7 13. b3 Nc6 14. Bb2 Rfd8 15. Ng5 h6 16. Nf3 Rac8 17. Qd2 Be7 18. Rac1 b5 19. Be5 Nxe5 20. Nxe5 Bxg2 21. Kxg2 Bf6 22. Qe2 Rd5 23. Ng4 Bc3 24. Rf1 Qa5 25. Ne3 Rd7 26. Nd1 Bf6 27. a4 bxa4 28. bxa4 Qxa4 29. Ne3 Rb7 30. Nc4 Rcb8 31. f4 Qa2 32. Kh3 Rb1 33. Rxb1 Rxb1 34. Rxb1 Qxb1 35. Qg2 h5 36. g4 hxg4+ 37. Kxg4 Qd1+ 38. Kg3 Qe1+ 39. Kf3 Bd4 40. Qe2 Qh1+ 41. Qg2 Qc1 42. Qe2 Qh1+ 43. Qg2 Qa1 44. Kg3 f5 45. Qe2 Qg1+ 46. Kf3 Qg4# 0-1

[Event "Frankfurt-chA"]
[Site "Frankfurt"]
[Date "2019.05.06"]
[Round "2"]
[White "Stoll, Ulrich"]
[Black "Jurkic, Bosiljko"]
[Result "0-1"]
[WhiteElo "1646"]
[BlackElo "1956"]
[PlyCount "42"]
[EventDate "2019.04.29"]
[EventType "swiss"]
[EventRounds "7"]
[EventCountry "GER"]
[SourceTitle "EXT 2020"]
[Source "ChessBase"]
[SourceDate "2019.10.17"]
[SourceVersion "1"]
[SourceVersionDate "2019.10.17"]
[SourceQuality "1"]

1. e4 c5 2. Nc3 Nc6 3. f4 d6 4. Nf3 g6 5. Bb5 Bd7 6. 0-0 Bg7 7. d3 a6 8. Bxc6 Bxc6 9. Ng5 Nh6 10. Qe2 0-0 11. Nd1 Qd7 12. Ne3 f6 13. Nf3 f5 14. e5 Bxf3 15. Rxf3 dxe5 16. fxe5 Qd4 17. Kh1 Qxe5 18. Qf1 b5 19. a3 Ng4 20. Nxg4 fxg4 21. Rxf8+ Rxf8 0-1

[Event "Frankfurt-chA"]
[Site "Frankfurt"]
[Date "2019.04.30"]
[Round "1"]
[White "Bischoff, Ulrich"]
[Black "Stoll, Ulrich"]
[Result "1/2-1/2"]
[WhiteElo "1961"]
[BlackElo "1646"]
[PlyCount "72"]
[EventDate "2019.04.29"]
[EventType "swiss"]
[EventRounds "7"]
[EventCountry "GER"]
[SourceTitle "EXT 2020"]
[Source "ChessBase"]
[SourceDate "2019.10.17"]
[SourceVersion "1"]
[SourceVersionDate "2019.10.17"]
[SourceQuality "1"]

1. e4 d5 2. exd5 Qxd5 3. d4 Nc6 4. Nf3 Bg4 5. Be2 Nf6 6. h3 Bh5 7. 0-0 e6 8. c4 Qd8 9. Qa4 Be7 10. Re1 0-0 11. Be3 Qe8 12. Nc3 a6 13. a3 Nd7 14. Qb3 Na5 15. Qa4 Nc6 16. b4 Bf6 17. Rac1 Ne7 18. Ne4 Bxf3 19. Bxf3 Ne5 20. Qc2 Nxf3+ 21. gxf3 Bh4 22. Bf4 Qc8 23. Kh2 Ng6 24. Bg3 f5 25. Nc5 f4 26. Bxh4 Nxh4 27. Qe4 Rf6 28. Rg1 b6 29. Nd3 c6 30. Rg4 Ng6 31. Rcg1 Ra7 32. Ne5 Nxe5 33. dxe5 Rf5 34. Rxf4 Raf7 35. Rxf5 Rxf5 36. Rg3 Qd7 1/2-1/2

[Event "Frankfurt-chA"]
[Site "Frankfurt"]
[Date "2018.06.18"]
[Round "7"]
[White "Li, Maxim"]
[Black "Stoll, Ulrich"]
[Result "1-0"]
[WhiteElo "1910"]
[BlackElo "1701"]
[PlyCount "53"]
[EventDate "2018.04.30"]
[EventType "swiss"]
[EventRounds "7"]
[EventCountry "GER"]
[SourceTitle "EXT 2019"]
[Source "ChessBase"]
[SourceDate "2018.10.10"]
[SourceVersion "1"]
[SourceVersionDate "2018.10.10"]
[SourceQuality "1"]

1. e4 d5 2. exd5 Qxd5 3. d4 Nf6 4. Nc3 Qd6 5. Nf3 Bg4 6. h3 Bh5 7. g4 Bg6 8. Ne5 Nbd7 9. f4 Be4 10. Nxe4 Nxe4 11. Qf3 Qxd4 12. Nxd7 Kxd7 13. c3 Qa4 14. Bg2 Nd6 15. 0-0 g6 16. b3 Qc6 17. Qd3 Qb5 18. c4 Qa5 19. Bb2 Rg8 20. a3 Ke8 21. b4 Qa6 22. b5 Qa4 23. Rad1 f6 24. Bd5 Rh8 25. Rfe1 Bg7 26. Qd2 e5 27. fxe5 1-0

[Event "Frankfurt-chA"]
[Site "Frankfurt"]
[Date "2018.05.07"]
[Round "2"]
[White "Nehmert, Ulrich"]
[Black "Stoll, Ulrich"]
[Result "1-0"]
[WhiteElo "2149"]
[BlackElo "1701"]
[PlyCount "71"]
[EventDate "2018.04.30"]
[EventType "swiss"]
[EventRounds "7"]
[EventCountry "GER"]
[SourceTitle "EXT 2019"]
[Source "ChessBase"]
[SourceDate "2018.10.10"]
[SourceVersion "1"]
[SourceVersionDate "2018.10.10"]
[SourceQuality "1"]

1. Nf3 d5 2. g3 Nf6 3. Bg2 g6 4. 0-0 Bg7 5. c4 c6 6. a4 0-0 7. Na3 Nbd7 8. Rb1 e5 9. d3 e4 10. Ne1 exd3 11. Nxd3 dxc4 12. Nxc4 Nb6 13. Nce5 Bf5 14. Qb3 Be6 15. Qc2 Bf5 16. Qb3 Be6 17. Qa3 Nc4 18. Nxc4 Bxc4 19. Rd1 Re8 20. Be3 Qe7 21. Qxe7 Rxe7 22. Rdc1 Bd5 23. Bf1 b6 24. b4 Ng4 25. Bg5 Ree8 26. Bg2 Rxe2 27. Nf4 Bxg2 28. Nxe2 Bd5 29. Nc3 Be6 30. Be3 Ne5 31. b5 c5 32. a5 Bf5 33. Ra1 Nd3 34. axb6 Nxc1 35. Rxa7 Bxc3 36. Rxa8+ 1-0

[Event "Frankfurt-chA"]
[Site "Frankfurt"]
[Date "2018.04.30"]
[Round "1"]
[White "Stoll, Ulrich"]
[Black "Medvedovski, Michael"]
[Result "1/2-1/2"]
[WhiteElo "1701"]
[BlackElo "2115"]
[PlyCount "138"]
[EventDate "2018.04.30"]
[EventType "swiss"]
[EventRounds "7"]
[EventCountry "GER"]
[SourceTitle "EXT 2019"]
[Source "ChessBase"]
[SourceDate "2018.10.10"]
[SourceVersion "1"]
[SourceVersionDate "2018.10.10"]
[SourceQuality "1"]

1. e4 c5 2. Nc3 Nc6 3. f4 g6 4. Nf3 Bg7 5. Bb5 Nd4 6. 0-0 Nxb5 7. Nxb5 d5 8. exd5 a6 9. Nc3 Nf6 10. d3 Nxd5 11. Nxd5 Qxd5 12. Qe1 b6 13. Qe4 Bb7 14. Qxd5 Bxd5 15. Ne5 e6 16. b3 f6 17. Nc4 Rb8 18. Rb1 Bf8 19. Bb2 Be7 20. Rbe1 Kd7 21. Ne3 Bc6 22. Ng4 Rbf8 23. Re2 h5 24. Nf2 Re8 25. Ne4 Rhf8 26. Rd1 Kc7 27. Rde1 Bd7 28. a4 Rb8 29. Ba3 Rbd8 30. a5 Kc6 31. axb6 Kxb6 32. Nd2 Rg8 33. Ne4 Rgf8 34. Nd2 Kc6 35. Ne4 Rf7 36. Ra1 Kb6 37. Nd2 Ra8 38. Nc4+ Kc6 39. Bb2 Bd8 40. Bc3 Bc7 41. Bd2 Ra7 42. Be3 Kd5 43. b4 Rb7 44. bxc5 e5 45. Nd6 Bxd6 46. cxd6 exf4 47. Bxf4 g5 48. Bg3 h4 49. Bf2 Kxd6 50. Rxa6+ Kc7 51. Be1 Rb1 52. Kf2 Kb7 53. Ra5 Bc6 54. c4 Rd7 55. Ra3 Rd6 56. Rd2 Rd4 57. g3 Kb6 58. Rda2 Kc5 59. Ra5+ Kd6 60. Bb4+ Rxb4 61. Ke3 Rg4 62. gxh4 Rxh4 63. Rf2 Rb3 64. Rxf6+ Kc7 65. Rc5 Rh3+ 66. Kf2 Rxh2+ 67. Kg1 Rc2 68. Rcxc6+ Kb7 69. Rce6 Rxd3 1/2-1/2

[Event "Frankfurt-chA"]
[Site "Frankfurt"]
[Date "2017.05.15"]
[Round "4"]
[White "Stoll, Ulrich"]
[Black "Kuhn, Luis"]
[Result "0-1"]
[WhiteElo "1704"]
[BlackElo "1896"]
[PlyCount "50"]
[EventDate "2017.04.24"]
[EventType "swiss"]
[EventRounds "7"]
[EventCountry "GER"]
[SourceTitle "EXT 2018"]
[Source "ChessBase"]
[SourceDate "2017.10.13"]
[SourceVersion "1"]
[SourceVersionDate "2017.10.13"]
[SourceQuality "1"]

1. e4 c5 2. Nc3 Nc6 3. f4 d6 4. Bb5 Nf6 5. Nf3 Bg4 6. 0-0 e6 7. d3 Be7 8. b3 0-0 9. Bxc6 bxc6 10. Bb2 d5 11. h3 Bxf3 12. Rxf3 a5 13. e5 Nd7 14. a4 f6 15. exf6 Bxf6 16. Rb1 Bd4+ 17. Kh1 e5 18. Ne2 Bxb2 19. Rxb2 Qh4 20. Qf1 exf4 21. Qf2 Qf6 22. Rb1 g5 23. d4 Rae8 24. c3 Re4 25. Qf1 Qe6 0-1

[Event "Hessen-ch Gr-D 64th"]
[Site "Bad Vilbel"]
[Date "2010.04.04"]
[Round "5"]
[White "Stoll, Ulrich"]
[Black "Becker, Peter"]
[Result "1/2-1/2"]
[WhiteElo "1609"]
[BlackElo "1952"]
[PlyCount "77"]
[EventDate "2010.03.31"]
[EventType "swiss"]
[EventRounds "5"]
[EventCountry "GER"]
[SourceTitle "EXT 2011"]
[Source "ChessBase"]
[SourceDate "2010.11.26"]
[SourceVersion "1"]
[SourceVersionDate "2010.11.26"]
[SourceQuality "1"]

1. e4 d6 2. d4 g6 3. Nc3 Bg7 4. Nf3 Nf6 5. Be2 0-0 6. 0-0 c6 7. Re1 Nfd7 8. Be3 b5 9. a3 Bb7 10. Qd2 e5 11. Bh6 a6 12. Rad1 Bxh6 13. Qxh6 f6 14. dxe5 dxe5 15. Rd6 Qe7 16. Red1 Nb6 17. R6d2 N8d7 18. Qh3 Nc5 19. a4 Bc8 20. Qg3 b4 21. Nd5 cxd5 22. exd5 Ne4 23. d6 Nxg3 24. dxe7 Nxe2+ 25. Kf1 Re8 26. Kxe2 Rxe7 27. b3 a5 28. Rd6 Ba6+ 29. Ke3 Nc8 30. Rxf6 Kg7 31. Rc6 Bb7 32. Rc5 Bxf3 33. Kxf3 Na7 34. Rxa5 Rf8+ 35. Ke3 Nc6 36. Rc5 Nd4 37. a5 Re6 38. Ra1 Ra8 39. Ra4 1/2-1/2